Los 100 mejores atletas del Siglo XXI - Estadísticas

Estadísticas generales
  • Esta prueba ha sido intentada 111 veces
  • La puntuación promedio es 24 de 100
Estadísticas de respuestas
# Deporte Sexo Atleta % Correcto
3 Fútbol M Lionel Messi
97%
13 Fútbol M Cristiano Ronaldo
94%
12 Tenis M Rafael Nadal
94%
1 Natación M Michael Phelps
91%
4 Baloncesto M LeBron James
89%
6 Tenis M Roger Federer
88%
9 Atletismo M Usain Bolt
84%
2 Tenis F Serena Williams
83%
11 Tenis M Novak Djokovic
82%
87 Fútbol M Ronaldo Nazário
80%
8 Golf M Tiger Woods
75%
19 Fórmula 1 M Lewis Hamilton
74%
14 Baloncesto M Stephen Curry
72%
10 Baloncesto M Kobe Bryant
71%
86 Tenis F Venus Williams
69%
7 Gimnasia F Simone Biles
56%
29 Fórmula 1 M Michael Schumacher
54%
5 Fútbol Americano M Tom Brady
53%
70 Fútbol M Andrés Iniesta
51%
75 Fútbol M Xavier Hernández
47%
94 Fútbol M Ronaldinho
44%
39 Baloncesto M Kevin Durant
43%
17 Baloncesto M Shaquille O'Neal
43%
56 Fútbol F Alexia Putellas
41%
65 Fútbol M Kylian Mbappé
38%
55 Fútbol M Luka Modric
37%
50 Fútbol M Zinedine Zidane
37%
42 Baloncesto M Giannis Antetokounmpo
32%
49 Fútbol F Aitana Bonmati
31%
80 Tenis M Andy Murray
28%
16 Baloncesto M Tim Duncan
28%
25 Boxeo M Floyd Mayweather
27%
67 Baloncesto M James Harden
27%
28 Baloncesto M Nikola Jokic
25%
41 Baloncesto M Dirk Nowitzki
21%
32 Fútbol F Marta
20%
18 Fútbol Americano M Patrick Mahomes
20%
85 Baloncesto M Kawhi Leonard
17%
60 Baloncesto F Candace Parker
16%
66 MMA M Jon Jones
16%
95 Fútbol M Zlatan Ibrahimovic
16%
35 Baloncesto M Dwayne Wade
15%
23 Baloncesto M Kevin Garnett
15%
71 Boxeo M Manny Pacquiao
15%
48 Fútbol M Thierry Henry
15%
15 Natación F Katie Ledecky
14%
83 Baloncesto M Chris Paul
13%
51 Baloncesto M Steve Nash
12%
57 Fútbol Americano M Calvin Johnson
11%
47 NASCAR M Jimmie Johnson
11%
69 Baloncesto M Jason Kidd
9%
26 Fútbol Americano M Peyton Manning
9%
61 Fútbol Americano M Ray Lewis
9%
43 Béisbol M Alex Rodríguez
8%
21 Baloncesto F Diana Taurasi
8%
84 Baloncesto M Lauren Jackson
8%
92 Béisbol M Pedro Rodríguez
8%
93 Golf M Rory McIlroy
7%
62 Béisbol M Shohei Ohtani
7%
90 Baloncesto F A'ja Wilson
6%
91 Fútbol Americano M Aaron Rodgers
5%
64 Fútbol F Mia Hamm
5%
68 Golf M Phil Mickelson
5%
63 Atletismo F Allyson Felix
4%
72 Snowboard M Shaun White
4%
20 Fútbol Americano M Aaron Donald
3%
54 Hockey sobre Hielo M Aleksandr Ovechkin
3%
78 Boxeo M Bernard Hopkins
3%
31 Béisbol M Clayton Kershaw
3%
99 Fútbol Americano M Ed Reed
3%
76 MMA M Georges Saint-Pierre
3%
44 Esquí F Mikaela Shiffrin
3%
30 Béisbol M Mike Trout
3%
27 Fútbol Americano M Randy Moss
3%
97 Críquet M Virat Kohli
3%
52 Béisbol M Adrián Beltré
2%
24 Béisbol M Albert Pujols
2%
89 Golf F Annika Sørenstam
2%
38 Béisbol M Barry Bonds
2%
79 Béisbol M Bryce Harper
2%
100 Fútbol Americano M Charles Woodson
2%
98 Hockey sobre Hielo M Connor McDavid
2%
96 Fútbol Americano M Darrelle Revis
2%
45 Béisbol M David Ortiz
2%
53 Béisbol M Derek Jeter
2%
37 Béisbol M Ichiro Suzuki
2%
58 Fútbol Americano M Justin James Watt
2%
40 Béisbol M Justin Verlander
2%
82 Gimnasia M Kohei Uchimura
2%
74 Baloncesto F Lisa Leslie
2%
59 Béisbol M Mariano Rivera
2%
46 Béisbol M Max Scherzer
2%
36 Baloncesto F Maya Moore
2%
33 Béisbol M Miguel Cabrera
2%
73 Béisbol M Mookie Betts
2%
88 Béisbol M Roy Halladay
2%
81 Baloncesto F Sheryl Swoopes
2%
22 Hockey sobre Hielo M Sidney Crosby
2%
34 Baloncesto F Tamika Catchings
2%
77 Atletismo F Shely-Ann Fraser Price
1%
No se encontraron pruebas coincidentes
Distribución de puntuación
Porcentaje de gente con cada puntuación
Porcentaje por número respondido
Historial de tus puntuaciones
No has intentado esta prueba.